000 00309nam a22001337a 4500
041 _aENG
100 _aCoddington .E.A
245 _aTheory Of Ordinary Differential Equations
260 _aDelhi
_bTata McGraw Hill
_c1999
300 _a429
650 _aMathes
700 _aLevinson .N
856 _uM.Tech
999 _c1086
_d1086